Βυζαντινή λογοτεχνία : η λόγια κοσμική γραμματεία των Βυζαντινών
Αποθηκεύτηκε σε:
| Κύριος συγγραφέας: | |
|---|---|
| Άλλοι συγγραφείς: | |
| Μορφή: | Βιβλίο |
| Γλώσσα: | Greek German |
| Δημοσίευση: |
Αθήνα :
Μορφωτικό Ιδρυμα Εθνικής Τραπέζης,
1997.
|
| Έκδοση: | 2η έκδ. |
| Θέματα: | |
| Ετικέτες: |
Προσθήκη ετικέτας
Δεν υπάρχουν, Καταχωρήστε ετικέτα πρώτοι!
|
MARC
| LEADER | 00000cam a2200000 i 4500 | ||
|---|---|---|---|
| 001 | 1/12928 | ||
| 008 | 980223s1997 gr | ||| |||| ||gre|| | ||
| 020 | |a 9602500247 | ||
| 035 | |1 ΠΑΡ |a 1997 |l 10018831 | ||
| 040 | |a GR-MyUA |b gre |e AACR2 | ||
| 041 | 1 | |a gre |h ger | |
| 082 | 0 | |a 880.9 | |
| 100 | 1 | |a Hunger, Herbert, |d 1914-2000. | |
| 245 | 1 | 0 | |a Βυζαντινή λογοτεχνία : |b η λόγια κοσμική γραμματεία των Βυζαντινών / |c Herbert Hunger ; Ταξιάρχης Κόλιας ... [κ.ά.]. |
| 250 | |a 2η έκδ. | ||
| 260 | |a Αθήνα : |b Μορφωτικό Ιδρυμα Εθνικής Τραπέζης, |c 1997. | ||
| 300 | |a 653 σ. | ||
| 500 | |a Τίτλος πρωτοτύπου: Die hochsprachliche profane literatur der Byzantiner. | ||
| 504 | |a Περιέχει βιβλιογραφικές παραπομ πές και ευρετήρια. | ||
| 505 | 0 | |a Τ. 2. Ιστοριογραφία, φιλολογία, ποίηση. | |
| 650 | 0 | 0 | |a Byzantine literature. |
| 700 | 1 | |a Κόλιας, Ταξιάρχης Γ., |d 1951- |e trl | |
| 852 | |a INST |b LESVOS |e 19980223 |h 880.9 HUN |p 005100015007 |q 005100015007 |t BK |y 0 |z τ.2 | ||
| 852 | |a INST |b LESVOS |e 19980223 |h 880.9 HUN |p 005100015007 |q 005100015007 |t BK |v τ.2: |y 0 |z τ.2 | ||
| 853 | |a INST |b LESVOS |h 880.9 HUN | ||
| 909 | |a Λ |b 052056 | ||
| 950 | |a 149-1996-07-16 | ||